Ruština pro samouky
Saved in:
| Format: | Book |
|---|---|
| Language: | Czech |
| Published: |
Praha
Státní pedagogické nakladatelství
1969
|
| Edition: | 4. vyd. |
| Tags: |
No Tags, Be the first to tag this record!
|
MARC
| LEADER | 00000nam a2200000 4500 | ||
|---|---|---|---|
| 001 | c122132 | ||
| 005 | 20250519095728.3 | ||
| 041 | 0 | |a cze | |
| 044 | |a CZ | ||
| 245 | 1 | 0 | |a Ruština pro samouky |c Vladimír Schön, Eliška Longauerová |
| 250 | |a 4. vyd. | ||
| 264 | 1 | |a Praha |b Státní pedagogické nakladatelství |c 1969 | |
| 300 | |a 317 s. |e klíč ke cvičením 80 s. | ||